000 00593nam a2200205Ia 4500
003 IN-BaIIA
008 211028s9999 xx 000 0 eng d
020 _a81-7371-071-6
040 _cIIA Library
080 _a92:5
_bGRI
100 _aGribbin, J.
_920557
245 0 _aHalley (1656-1742) in 90 minutes
_cJ. Gribbin and M. Gribbin
260 _aHyderabad
_bUniversities Press
_c1998
300 _a78p.
650 _aBiography
_91224
650 _aHalley-biography
_922049
650 _aPhysics
_973
700 _aGribbin, M.
_922050
942 _cBK
999 _c12583
_d12583